[Event "Samara Polugaevsky Memorial 5th"]
[Site "Samara"]
[Date "2015.07.10"]
[Round "8"]
[White "Saiyn, Zhanat"]
[Black "Kudelya, Igor"]
[Result "1-0"]
[WhiteElo "2392"]
[BlackElo "2240"]
[PlyCount "117"]
[EventDate "2015.07.03"]
[EventType "swiss"]
[EventRounds "9"]
[EventCountry "RUS"]
[SourceTitle "EXT 2017"]
[Source "ChessBase"]
[SourceDate "2016.10.25"]
[SourceVersion "1"]
[SourceVersionDate "2016.10.25"]
[SourceQuality "1"]

1. d4 g6 2. c4 Bg7 3. Nf3 b6 4. g3 Bb7 5. Bg2 e6 6. 0-0 Ne7 7. Nc3 d6 8. e4 Nd7 9. Rb1 a6 10. d5 exd5 11. exd5 0-0 12. Nd4 Nf6 13. Re1 Re8 14. Bf4 Qd7 15. Qd2 Nf5 16. Nxf5 Qxf5 17. h3 Rxe1+ 18. Rxe1 Re8 19. Rxe8+ Nxe8 20. Be3 Bc8 21. Kh2 Nf6 22. b4 Qh5 23. f3 Qe5 24. Ne2 Bd7 25. Bd4 Qe7 26. g4 Ne8 27. Nc3 Bxd4 28. Qxd4 Qf6 29. Qxf6 Nxf6 30. f4 Kf8 31. Kg3 h6 32. Bf1 Bc8 33. Kf3 Ke7 34. Ke3 Nd7 35. Kd4 Kd8 36. Ne4 Ke7 37. a4 Nf6 38. Nd2 Nd7 39. Nb3 g5 40. f5 Ne5 41. c5 Kd7 42. f6 Kd8 43. c6 Ng6 44. a5 Nf4 45. Nd2 Ng6 46. Bd3 Nf4 47. Bf1 Ng6 48. Ne4 bxa5 49. bxa5 Nf4 50. Ng3 Ng6 51. Nf5 Nh4 52. Nxh6 Ke8 53. Ke4 Kf8 54. Nf5 Nxf5 55. gxf5 Kg8 56. Kf3 Kh8 57. Kg4 Kg8 58. Be2 Kh8 59. Kxg5 1-0

[Event "Samara Polugaevsky Memorial 5th"]
[Site "Samara"]
[Date "2015.07.07"]
[Round "5"]
[White "Palachev, Petr"]
[Black "Kudelya, Igor"]
[Result "1/2-1/2"]
[WhiteElo "2392"]
[BlackElo "2240"]
[PlyCount "119"]
[EventDate "2015.07.03"]
[EventType "swiss"]
[EventRounds "9"]
[EventCountry "RUS"]
[SourceTitle "EXT 2017"]
[Source "ChessBase"]
[SourceDate "2016.10.25"]
[SourceVersion "1"]
[SourceVersionDate "2016.10.25"]
[SourceQuality "1"]

1. Nf3 g6 2. g3 b6 3. Bg2 Bb7 4. d4 Bg7 5. c4 e6 6. Nc3 Ne7 7. e4 d6 8. 0-0 Nd7 9. Be3 0-0 10. d5 Re8 11. Nd4 exd5 12. cxd5 Ne5 13. Qe2 Qd7 14. h3 c5 15. dxc6 N7xc6 16. Nxc6 Qxc6 17. Nd5 Qd7 18. Rac1 Rac8 19. b3 Bxd5 20. exd5 f5 21. Qa6 h6 22. a4 g5 23. a5 bxa5 24. Qxa5 Nd3 25. Rxc8 Rxc8 26. Qxa7 Qxa7 27. Bxa7 Ra8 28. Be3 f4 29. Be4 fxe3 30. Bxd3 Re8 31. Kg2 exf2 32. Rxf2 Bd4 33. Rd2 Bc5 34. Kf3 Re3+ 35. Kg4 Kg7 36. h4 gxh4 37. gxh4 Re5 38. Bc2 Kf6 39. Rd1 Ke7 40. Bf5 Kf6 41. Be6 Re4+ 42. Kg3 Re3+ 43. Kg4 Re4+ 44. Kh5 Bf2 45. Rh1 Ke5 46. Rh2 Bg3 47. Rh3 Bf2 48. Bg4 Kd4 49. Rf3 Re5+ 50. Kxh6 Bxh4 51. Be6 Re3 52. Rf4+ Re4 53. Rf1 Kc3 54. Rf3+ Kb4 55. Kg6 Be1 56. Kf7 Bc3 57. Ke7 Be5 58. Bc8 Kc5 59. Ba6 Rf4 60. Rxf4 1/2-1/2

[Event "Samara Polugaevsky Memorial 5th"]
[Site "Samara"]
[Date "2015.07.05"]
[Round "3"]
[White "Kudelya, Igor"]
[Black "Sanzhaev, Darsen"]
[Result "1-0"]
[WhiteElo "2240"]
[BlackElo "2371"]
[PlyCount "135"]
[EventDate "2015.07.03"]
[EventType "swiss"]
[EventRounds "9"]
[EventCountry "RUS"]
[SourceTitle "EXT 2017"]
[Source "ChessBase"]
[SourceDate "2016.10.25"]
[SourceVersion "1"]
[SourceVersionDate "2016.10.25"]
[SourceQuality "1"]

1. e4 c5 2. Nf3 e6 3. g3 Nf6 4. d3 d5 5. e5 Nfd7 6. Bg2 Nc6 7. Bf4 Be7 8. h4 Qb6 9. b3 f6 10. exf6 Bxf6 11. c3 Ne7 12. 0-0 0-0 13. Qe2 Ng6 14. Bd2 Nde5 15. Ne1 Bd7 16. Kh2 a5 17. Na3 a4 18. Rb1 axb3 19. Rxb3 Qd6 20. h5 Ne7 21. Bc1 Ra4 22. f4 Nxd3 23. Qxd3 c4 24. Nxc4 Rxc4 25. Ba3 Qa6 26. f5 Bb5 27. Qe3 Re4 28. Bxe4 Bxf1 29. Bd3 Bxd3 30. Qxd3 Qa7 31. Ng2 Rd8 32. Qe2 e5 33. Bxe7 Bxe7 34. Qxe5 Bf6 35. Qe6+ Kh8 36. h6 Rf8 37. Qd7 Qa5 38. Rxb7 Qxc3 39. Qxd5 gxh6 40. Qd7 Bg7 41. Rc7 Qe5 42. Rc8 h5 43. a4 h4 44. Nxh4 Qe2+ 45. Ng2 Qh5+ 46. Kg1 Qg4 47. Rxf8+ Bxf8 48. Qc8 Qd1+ 49. Kh2 Qh5+ 50. Nh4 Qe2+ 51. Kh3 Qf1+ 52. Kg4 Qe2+ 53. Nf3 h5+ 54. Kf4 Qe7 55. Ne5 Qb4+ 56. Kg5 Qd2+ 57. Kxh5 Qh2+ 58. Kg4 Qe2+ 59. Nf3 Qe7 60. Qc4 Qg7+ 61. Kh3 Be7 62. Qg4 Qh6+ 63. Nh4 Qc1 64. Ng6+ Kg7 65. Nxe7+ Kf7 66. Qe2 Qh1+ 67. Kg4 Qb1 68. Nd5 1-0

[Event "RUS-chT2"]
[Site "Sochi"]
[Date "2015.05.02"]
[Round "2.3"]
[White "Vdovin, Vadim"]
[Black "Kudelya, Igor"]
[Result "1-0"]
[WhiteElo "2375"]
[BlackElo "2256"]
[PlyCount "87"]
[EventDate "2015.05.01"]
[EventType "team-swiss"]
[EventRounds "7"]
[EventCountry "RUS"]
[SourceTitle "CBM 166 Extra"]
[Source "ChessBase"]
[SourceDate "2015.06.18"]
[SourceVersion "1"]
[SourceVersionDate "2015.06.18"]
[SourceQuality "1"]
[WhiteTeam "Moscow Academy"]
[BlackTeam "Krasnodar region"]
[WhiteTeamCountry "RUS"]
[BlackTeamCountry "RUS"]

1. e4 c5 2. Nf3 Nc6 3. d4 cxd4 4. Nxd4 Qc7 5. Nc3 e6 6. Be2 a6 7. 0-0 Nf6 8. Be3 Bb4 9. Na4 Bd6 10. g3 b5 11. Nb6 Rb8 12. Nxc8 Rxc8 13. c4 Nxd4 14. Bxd4 e5 15. Be3 b4 16. c5 Bxc5 17. Rc1 Qb6 18. Bxa6 Rc6 19. Rxc5 Rxc5 20. Bc4 Qc7 21. Bxc5 Qxc5 22. Bb3 Ke7 23. Qd3 Rc8 24. Rd1 Rc7 25. Kg2 Qc6 26. f3 Qc5 27. Rd2 h6 28. Rc2 Qd4 29. Qxd4 Rxc2+ 30. Qf2 Rxf2+ 31. Kxf2 Kd6 32. Bxf7 Kc5 33. Ke3 d6 34. h3 Kb6 35. f4 Nd7 36. f5 Nc5 37. Bb3 Kc7 38. g4 Kd8 39. h4 Ke7 40. g5 hxg5 41. hxg5 Nd7 42. a3 Nc5 43. Bd5 b3 44. Kd2 1-0

[Event "EU-ch U16 24th"]
[Site "Batumi"]
[Date "2014.10.22"]
[Round "4"]
[White "Kudelya, Igor"]
[Black "Ostapchik, Anton"]
[Result "1-0"]
[WhiteElo "2301"]
[BlackElo "2084"]
[PlyCount "74"]
[EventDate "2014.10.19"]
[EventType "swiss"]
[EventRounds "9"]
[EventCountry "GEO"]
[SourceTitle "EXT 2015"]
[Source "ChessBase"]
[SourceDate "2014.11.20"]
[SourceVersion "1"]
[SourceVersionDate "2014.11.20"]
[SourceQuality "1"]

1. e4 d5 2. exd5 Qxd5 3. d4 Nc6 4. Be3 Nf6 5. Nc3 Qa5 6. Bc4 Bg4 7. f3 Bh5 8. Qe2 0-0-0 9. 0-0-0 e6 10. Nh3 Bb4 11. Nb1 Nd5 12. Bf2 Bd6 13. c3 Bg6 14. Bg3 Be7 15. Be1 Bd6 16. Bd2 Rhe8 17. b4 Ndxb4 18. cxb4 Bxb4 19. Bxb4 Qxb4 20. Bd3 Nxd4 21. Qb2 Qc5+ 22. Qc3 Qb6 23. Nf4 Rd6 24. Na3 Rc6 25. Nc4 Qc5 26. Nxg6 hxg6 27. Kb2 b5 28. Be4 Ne2 29. Qd3 bxc4 30. Qd7+ Kb7 31. Rb1 Nd4 32. Bxc6+ Ka6 33. Be4 Rb8+ 34. Kc3 Qa5+ 35. Kxc4 Nb5 36. Rxb5 Qxb5+ 37. Qxb5+ Rxb5 1-0

[Event "Sochi Tseshkovsky Memorial op"]
[Site "Sochi"]
[Date "2014.09.20"]
[Round "4"]
[White "Rakhmanov, Alexander"]
[Black "Kudelya, Igor"]
[Result "1-0"]
[WhiteElo "2626"]
[BlackElo "2312"]
[PlyCount "107"]
[EventDate "2014.09.17"]
[EventType "swiss"]
[EventRounds "9"]
[EventCountry "RUS"]
[SourceTitle "CBM 162 Extra"]
[Source "ChessBase"]
[SourceDate "2014.10.17"]
[SourceVersion "1"]
[SourceVersionDate "2014.10.17"]
[SourceQuality "1"]

1. Nf3 Nf6 2. g3 g6 3. b3 Bg7 4. Bb2 0-0 5. Bg2 d6 6. d4 Nbd7 7. 0-0 e5 8. dxe5 Ng4 9. Nc3 Ngxe5 10. Qd2 Rb8 11. Nd4 Nc5 12. a4 Bd7 13. a5 Re8 14. Rfe1 Qc8 15. e4 Bh3 16. Bh1 Ne6 17. Nxe6 Qxe6 18. Nd5 Qc8 19. Bc3 c6 20. Nf4 Qd7 21. Nxh3 Qxh3 22. f4 Ng4 23. Bxg7 Kxg7 24. Bf3 h5 25. Rad1 d5 26. e5 Nh6 27. Bg2 Qe6 28. Qf2 a6 29. Rd2 Kh7 30. Rde2 Re7 31. Qf1 Rbe8 32. Bh3 Ng4 33. Qf3 Qf5 34. Kg2 Kg7 35. Qc3 Kh7 36. Bxg4 hxg4 37. Rh1 f6 38. Rhe1 fxe5 39. fxe5 Rf8 40. Kg1 Re6 41. Qd4 Rf7 42. c4 dxc4 43. bxc4 Rfe7 44. Re4 g5 45. Rf1 Qg6 46. h3 gxh3 47. g4 Rf7 48. Rxf7+ Qxf7 49. Qd3 h2+ 50. Kh1 Kg7 51. Re1 Qf4 52. Qf5 Qxc4 53. Rd1 Kh6 54. Qf8+ 1-0

[Event "Sochi Tseshkovsky Memorial op"]
[Site "Sochi"]
[Date "2014.09.18"]
[Round "2"]
[White "Panarin, Mikhail"]
[Black "Kudelya, Igor"]
[Result "1-0"]
[WhiteElo "2555"]
[BlackElo "2312"]
[PlyCount "51"]
[EventDate "2014.09.17"]
[EventType "swiss"]
[EventRounds "9"]
[EventCountry "RUS"]
[SourceTitle "CBM 162 Extra"]
[Source "ChessBase"]
[SourceDate "2014.10.17"]
[SourceVersion "1"]
[SourceVersionDate "2014.10.17"]
[SourceQuality "1"]

1. e4 c5 2. Nf3 g6 3. d4 Bg7 4. d5 b5 5. c4 bxc4 6. Nc3 d6 7. Bxc4 Nf6 8. 0-0 0-0 9. Re1 Nbd7 10. Rb1 Rb8 11. h3 Nh5 12. Nb5 Rb7 13. Be2 a6 14. Na3 Rb4 15. Nc4 Nb6 16. Nfd2 Nf4 17. Bf1 Na4 18. a3 e6 19. axb4 exd5 20. Qxa4 Qg5 21. Kh1 dxc4 22. Nf3 Qf6 23. Bxf4 Qxf4 24. bxc5 Bxh3 25. Qxc4 Bxg2+ 26. Bxg2 1-0

[Event "Sochi Tseshkovsky Memorial op"]
[Site "Sochi"]
[Date "2014.09.17"]
[Round "1"]
[White "Kudelya, Igor"]
[Black "Vorushilo, Alena"]
[Result "1-0"]
[WhiteElo "2312"]
[BlackElo "1592"]
[PlyCount "97"]
[EventDate "2014.09.17"]
[EventType "swiss"]
[EventRounds "9"]
[EventCountry "RUS"]
[SourceTitle "CBM 162 Extra"]
[Source "ChessBase"]
[SourceDate "2014.10.17"]
[SourceVersion "1"]
[SourceVersionDate "2014.10.17"]
[SourceQuality "1"]

1. e4 c5 2. Ne2 d6 3. d4 cxd4 4. Nxd4 Nf6 5. f3 g6 6. c4 Bg7 7. Nc3 0-0 8. Be3 Nc6 9. Nc2 Bd7 10. Be2 Rc8 11. 0-0 Ne5 12. b3 a6 13. a4 Qc7 14. a5 e6 15. Bb6 Qb8 16. Qd2 Bc6 17. Rfd1 d5 18. f4 Ned7 19. e5 Ne4 20. Nxe4 dxe4 21. Be3 Rfd8 22. Qe1 f6 23. exf6 Nxf6 24. Nd4 e5 25. Ne6 Rxd1 26. Rxd1 exf4 27. Bxf4 Qa7+ 28. Kh1 Re8 29. Nxg7 Kxg7 30. Qh4 Qc5 31. Bh6+ Kf7 32. Rf1 Re6 33. Bg5 Qe7 34. Qxh7+ Ke8 35. Qxg6+ Qf7 36. Qf5 Ke7 37. Kg1 Bd7 38. Bxf6+ Qxf6 39. Qxf6+ Rxf6 40. Rxf6 Kxf6 41. Kf2 Kf5 42. Ke3 Ke5 43. g4 Be6 44. h4 Bg8 45. h5 Bh7 46. b4 Ke6 47. Kf4 Kf6 48. g5+ Ke6 49. g6 1-0

[Event "Malaya Zemlya op"]
[Site "Novorossiysk"]
[Date "2014.07.11"]
[Round "4"]
[White "Kudelya, Igor"]
[Black "Shandrygin, Nikita"]
[Result "1/2-1/2"]
[WhiteElo "2312"]
[BlackElo "2000"]
[PlyCount "43"]
[EventDate "2014.07.08"]
[EventType "swiss"]
[EventRounds "9"]
[EventCountry "RUS"]
[SourceTitle "CBM 161 Extra"]
[Source "ChessBase"]
[SourceDate "2014.08.29"]
[SourceVersion "1"]
[SourceVersionDate "2014.08.29"]
[SourceQuality "1"]

1. e4 c6 2. d4 d5 3. Nd2 dxe4 4. Nxe4 Nf6 5. Nxf6+ gxf6 6. Nf3 Bg4 7. Be2 Nd7 8. h3 Bh5 9. 0-0 Qc7 10. c4 Bg7 11. Nh4 Bg6 12. d5 cxd5 13. Qxd5 e6 14. Qf3 f5 15. Rb1 0-0-0 16. Qa3 Kb8 17. b4 f4 18. Nxg6 hxg6 19. c5 g5 20. Bb2 Bxb2 21. Qxb2 Ne5 22. Rfd1 1/2-1/2

[Event "Malaya Zemlya op"]
[Site "Novorossiysk"]
[Date "2014.07.08"]
[Round "1"]
[White "Onishchenko, Leonid"]
[Black "Kudelya, Igor"]
[Result "0-1"]
[WhiteElo "1545"]
[BlackElo "2312"]
[PlyCount "47"]
[EventDate "2014.07.08"]
[EventType "swiss"]
[EventRounds "9"]
[EventCountry "RUS"]
[SourceTitle "CBM 161 Extra"]
[Source "ChessBase"]
[SourceDate "2014.08.29"]
[SourceVersion "1"]
[SourceVersionDate "2014.08.29"]
[SourceQuality "1"]

1. d4 Nf6 2. c4 g6 3. Nc3 d5 4. cxd5 Nxd5 5. g3 Bg7 6. Bg2 Nb6 7. Nf3 Nc6 8. e3 0-0 9. 0-0 Re8 10. Re1 a5 11. a3 a4 12. Bd2 Be6 13. Ne4 Bb3 14. Qc1 Nd7 15. Bc3 Na5 16. Nfd2 Bd5 17. Bxa5 Rxa5 18. Nc3 Bxg2 19. Kxg2 Nb6 20. Qc2 Qc8 21. Rac1 e6 22. Nce4 Rh5 23. Nf1 Rd8 24. Nc3 0-1

[Event "Voronezh op-A 18th"]
[Site "Voronezh"]
[Date "2014.06.18"]
[Round "6"]
[White "Kudelya, Igor"]
[Black "Chigaev, Maksim"]
[Result "1/2-1/2"]
[WhiteElo "2291"]
[BlackElo "2496"]
[PlyCount "81"]
[EventDate "2014.06.12"]
[EventType "swiss"]
[EventRounds "9"]
[EventCountry "RUS"]
[SourceTitle "CBM 160 Extra"]
[Source "ChessBase"]
[SourceDate "2014.07.01"]
[SourceVersion "1"]
[SourceVersionDate "2014.07.01"]
[SourceQuality "1"]

1. e4 e5 2. Nf3 Nc6 3. Bb5 a6 4. Ba4 Nf6 5. 0-0 Bc5 6. d3 b5 7. Bb3 d6 8. a4 b4 9. Nbd2 0-0 10. h3 h6 11. Nc4 Re8 12. Be3 Bxe3 13. Nxe3 Rb8 14. a5 Nd7 15. Re1 Nc5 16. Bc4 Ne6 17. Nd5 Ne7 18. d4 Nxd5 19. exd5 Nf4 20. dxe5 dxe5 21. Re3 Qd6 22. Qf1 Nxd5 23. Rxe5 Rxe5 24. Nxe5 Bb7 25. Re1 Re8 26. Nf3 Re7 27. Rxe7 Qxe7 28. Qe1 Qxe1+ 29. Nxe1 Ne7 30. Nd3 Nc6 31. Bd5 Nxa5 32. Nxb4 c6 33. Bf3 Nc4 34. b3 Ne5 35. Be2 a5 36. Nd3 Nxd3 37. Bxd3 c5 38. f4 Kf8 39. Kf2 Ke7 40. h4 Kf6 41. g3 1/2-1/2

[Event "Voronezh op-A 18th"]
[Site "Voronezh"]
[Date "2014.06.12"]
[Round "1"]
[White "Danin, Alexandre"]
[Black "Kudelya, Igor"]
[Result "1-0"]
[WhiteElo "2594"]
[BlackElo "2291"]
[PlyCount "75"]
[EventDate "2014.06.12"]
[EventType "swiss"]
[EventRounds "9"]
[EventCountry "RUS"]
[SourceTitle "CBM 160 Extra"]
[Source "ChessBase"]
[SourceDate "2014.07.01"]
[SourceVersion "1"]
[SourceVersionDate "2014.07.01"]
[SourceQuality "1"]

1. e4 c5 2. Nf3 Nc6 3. d4 cxd4 4. Nxd4 Qc7 5. Nc3 e6 6. Be3 Nf6 7. Be2 a6 8. 0-0 Bb4 9. Na4 0-0 10. Nxc6 bxc6 11. Nb6 Rb8 12. Nxc8 Rbxc8 13. Bxa6 Rb8 14. Bd3 Bd6 15. f4 e5 16. f5 Qa5 17. b3 Bc5 18. Bxc5 Qxc5+ 19. Kh1 d5 20. Qe2 Rfd8 21. Rae1 Qa5 22. a4 h6 23. Qf3 Qc3 24. Re2 Rb4 25. Rfe1 Re8 26. h3 Re7 27. Re3 Qb2 28. Qe2 c5 29. exd5 Nxd5 30. f6 gxf6 31. Rg3+ Kf8 32. Qh5 Re8 33. Bc4 Rxc4 34. bxc4 Qb4 35. Rd1 Qxc4 36. Rgd3 Nb6 37. Qxh6+ Ke7 38. Rd6 1-0

[Event "Dvorkovich Memorial op"]
[Site "Taganrog"]
[Date "2014.01.21"]
[Round "4"]
[White "Kudelya, Igor"]
[Black "Babkin, Anatoliy"]
[Result "1-0"]
[WhiteElo "2232"]
[BlackElo "1836"]
[PlyCount "65"]
[EventDate "2014.01.18"]
[EventType "swiss"]
[EventRounds "9"]
[EventCountry "RUS"]
[SourceTitle "CBM 158 Extra"]
[Source "ChessBase"]
[SourceDate "2014.02.28"]
[SourceVersion "1"]
[SourceVersionDate "2014.02.28"]
[SourceQuality "1"]

1. e4 c5 2. Nf3 Nc6 3. d4 cxd4 4. Nxd4 Nf6 5. Nc3 d6 6. f3 g6 7. Be3 Bg7 8. Qd2 Bd7 9. 0-0-0 a6 10. g4 Rc8 11. Kb1 Ne5 12. h4 h5 13. g5 Nh7 14. f4 Nc4 15. Bxc4 Rxc4 16. f5 b5 17. Rhf1 0-0 18. Qd3 Qc8 19. Nd5 Qd8 20. b3 Rc8 21. Ne2 Be5 22. Bb6 Qe8 23. Nef4 Rc6 24. Ba5 e6 25. Nc7 Qc8 26. fxg6 fxg6 27. Nxg6 Rxf1 28. Rxf1 Qd8 29. Nxe5 dxe5 30. Rd1 Nf8 31. Nxe6 Qxa5 32. Nxf8 Bg4 33. Qd5+ 1-0

[Event "EU-ch U14 23rd"]
[Site "Budva"]
[Date "2013.10.08"]
[Round "9"]
[White "Tomczak, Mikolaj"]
[Black "Kudelya, Igor"]
[Result "1-0"]
[WhiteElo "2097"]
[BlackElo "2230"]
[PlyCount "105"]
[EventDate "2013.09.29"]
[EventType "swiss"]
[EventRounds "9"]
[EventCountry "MNE"]
[SourceTitle "EXT 2014"]
[Source "ChessBase"]
[SourceDate "2013.11.20"]
[SourceVersion "1"]
[SourceVersionDate "2013.11.20"]
[SourceQuality "1"]

1. e4 c5 2. Nc3 Nc6 3. Bb5 Nd4 4. Bc4 e6 5. Nf3 Nf6 6. 0-0 d6 7. d3 Nc6 8. d4 cxd4 9. Nxd4 Be7 10. Bb3 0-0 11. Be3 Bd7 12. Re1 a6 13. Qe2 b5 14. a3 Qc7 15. Nxc6 Bxc6 16. Bd4 Qb7 17. f3 Rfe8 18. Rad1 Rad8 19. Qf2 a5 20. Qg3 Nh5 21. Qf2 Nf4 22. Ne2 Ng6 23. Bc3 b4 24. axb4 axb4 25. Bd4 Ra8 26. Be3 Ra5 27. Nd4 Bd7 28. Ra1 Rea8 29. Rxa5 Rxa5 30. Qd2 Ra8 31. Rf1 Bf6 32. Re1 h5 33. Bf2 Ne5 34. h3 Rc8 35. f4 Nc4 36. Qe2 Na5 37. Qxh5 Nxb3 38. cxb3 e5 39. fxe5 Bxe5 40. Nf3 g6 41. Qh4 Bg7 42. Ng5 Qb5 43. Qh7+ Kf8 44. Nxf7 Rc2 45. Nh6 Be6 46. Rf1 Qe2 47. Bd4+ Qxf1+ 48. Kxf1 Bxd4 49. Qxg6 Rf2+ 50. Ke1 Rf6 51. Qg5 Bxb2 52. Nf5 Ke8 53. Ng7+ 1-0

[Event "EU-ch U14 23rd"]
[Site "Budva"]
[Date "2013.10.05"]
[Round "6"]
[White "Kudelya, Igor"]
[Black "Tari, Aryan"]
[Result "1-0"]
[WhiteElo "2230"]
[BlackElo "2426"]
[PlyCount "99"]
[EventDate "2013.09.29"]
[EventType "swiss"]
[EventRounds "9"]
[EventCountry "MNE"]
[SourceTitle "EXT 2014"]
[Source "ChessBase"]
[SourceDate "2013.11.20"]
[SourceVersion "1"]
[SourceVersionDate "2013.11.20"]
[SourceQuality "1"]

1. e4 c5 2. Nf3 Nc6 3. d4 cxd4 4. Nxd4 Nf6 5. Nc3 d6 6. f3 e5 7. Nb3 Be7 8. Be3 Be6 9. Nd5 0-0 10. Qd2 Rc8 11. c4 Nd7 12. Be2 a5 13. 0-0 a4 14. Nc1 Bxd5 15. exd5 Nd4 16. Bd3 Bf6 17. Ne2 Nxe2+ 18. Bxe2 Re8 19. Rab1 e4 20. f4 Nc5 21. b4 axb3 22. axb3 Qe7 23. Rfe1 b5 24. Red1 Nd3 25. Bxd3 exd3 26. Bf2 bxc4 27. bxc4 Rxc4 28. Re1 Qd7 29. Rxe8+ Qxe8 30. Qxd3 Rxf4 31. Qa6 h6 32. Qxd6 Qe4 33. Re1 Qf5 34. Qc5 Kh7 35. Rd1 Qe4 36. Qe3 Qxe3 37. Bxe3 Re4 38. Kf2 Re7 39. d6 Rd7 40. Kf3 Be5 41. Bf4 Bxf4 42. Kxf4 Kg8 43. Ke5 Kf8 44. Ra1 Ke8 45. Kd5 Rb7 46. Kc6 Rd7 47. Ra5 f6 48. Kd5 Kf7 49. Ra8 Rb7 50. Ke4 1-0

[Event "EU-ch U14 23rd"]
[Site "Budva"]
[Date "2013.10.02"]
[Round "4"]
[White "Kudelya, Igor"]
[Black "Chekletsov, Ilya"]
[Result "1-0"]
[WhiteElo "2230"]
[BlackElo "2026"]
[PlyCount "75"]
[EventDate "2013.09.29"]
[EventType "swiss"]
[EventRounds "9"]
[EventCountry "MNE"]
[SourceTitle "EXT 2014"]
[Source "ChessBase"]
[SourceDate "2013.11.20"]
[SourceVersion "1"]
[SourceVersionDate "2013.11.20"]
[SourceQuality "1"]

1. e4 c5 2. Nf3 Nc6 3. d4 cxd4 4. Nxd4 g6 5. c4 Bg7 6. Be3 Nf6 7. Nc3 0-0 8. Be2 Nxd4 9. Bxd4 d6 10. 0-0 Bd7 11. Qd2 Bc6 12. f3 a5 13. b3 Nd7 14. Be3 Nc5 15. Rac1 Qb6 16. Nb5 Rfc8 17. Rfd1 h5 18. Kh1 Qd8 19. Qe1 Bd7 20. Bf1 Kh7 21. Rb1 f5 22. Bg5 Bxb5 23. cxb5 fxe4 24. fxe4 Ne6 25. Be3 Bc3 26. Qg3 Be5 27. Qh3 Rc3 28. Qxe6 Rxe3 29. Bc4 Bf6 30. Rf1 Kh6 31. Rbd1 Qf8 32. Qd5 Qg7 33. Qxb7 Rf8 34. Qd5 h4 35. b6 Kh7 36. b7 Be5 37. Rxf8 Qxf8 38. Qg8+ 1-0

[Event "Voronezh op-A 17th"]
[Site "Voronezh"]
[Date "2013.06.18"]
[Round "6"]
[White "Dmitriev, Igor"]
[Black "Kudelya, Igor"]
[Result "1-0"]
[WhiteElo "2290"]
[BlackElo "2239"]
[PlyCount "95"]
[EventDate "2013.06.12"]
[EventType "swiss"]
[EventRounds "9"]
[EventCountry "RUS"]
[SourceTitle "EXT 2014"]
[Source "ChessBase"]
[SourceDate "2013.11.20"]
[SourceVersion "1"]
[SourceVersionDate "2013.11.20"]
[SourceQuality "1"]

1. c4 Nf6 2. g3 g6 3. Bg2 d5 4. cxd5 Nxd5 5. Qb3 Nb6 6. Qc3 f6 7. d4 Na6 8. a3 c5 9. Nf3 cxd4 10. Qxd4 Qxd4 11. Nxd4 e5 12. Nb5 Bd7 13. N1c3 Bc6 14. 0-0 Be7 15. Be3 Nc4 16. Bxa7 Nxb2 17. Bd5 Na4 18. Be3 Nxc3 19. Nxc3 Nc7 20. Bxc6+ bxc6 21. a4 Kd7 22. Rfd1+ Ke6 23. Bb6 Nd5 24. Nxd5 cxd5 25. a5 Ra6 26. Rac1 Bd6 27. Rc6 Rha8 28. e3 h5 29. h4 Kd7 30. Rc2 Ke6 31. Kg2 Bb4 32. Rc6+ Kf5 33. Rxd5 Bxa5 34. Rdd6 Rf8 35. Bxa5 Rxa5 36. Rxf6+ Rxf6 37. e4+ Kxe4 38. Rxf6 Kd3 39. Rxg6 e4 40. Rg5 Ra2 41. Rd5+ Ke2 42. Rd4 e3 43. Re4 Ra3 44. Re5 Kd2 45. Rxe3 Rxe3 46. fxe3 Kxe3 47. g4 Kf4 48. g5 1-0

[Event "Voronezh op-A 17th"]
[Site "Voronezh"]
[Date "2013.06.12"]
[Round "1"]
[White "Kudelya, Igor"]
[Black "Harutjunyan, Gevorg"]
[Result "0-1"]
[WhiteElo "2239"]
[BlackElo "2456"]
[PlyCount "128"]
[EventDate "2013.06.12"]
[EventType "swiss"]
[EventRounds "9"]
[EventCountry "RUS"]
[SourceTitle "EXT 2014"]
[Source "ChessBase"]
[SourceDate "2013.11.20"]
[SourceVersion "1"]
[SourceVersionDate "2013.11.20"]
[SourceQuality "1"]

1. e4 c6 2. d4 d5 3. Nd2 dxe4 4. Nxe4 Bf5 5. Ng3 Bg6 6. N1e2 e6 7. Nf4 Qh4 8. c3 Nd7 9. Qf3 Ngf6 10. Nxg6 hxg6 11. Bf4 Be7 12. Bd3 Nd5 13. Ne2 Nxf4 14. Qxf4 e5 15. Qxh4 Rxh4 16. g3 Rh5 17. 0-0-0 0-0-0 18. Bc4 Rf5 19. Rhf1 Nb6 20. Bd3 Rh5 21. h4 Bf6 22. dxe5 Rxe5 23. Kc2 Na4 24. Ng1 Rc5 25. Be2 b5 26. Bg4+ Kc7 27. Rxd8 Bxd8 28. Rd1 f5 29. Bf3 Bf6 30. Ne2 b4 31. Kb3 bxc3 32. Kxa4 c2 33. Rc1 Bxb2 34. Kb3 Bxc1 35. Nxc1 Kd6 36. Kb2 f4 37. g4 a5 38. Nb3 Rc4 39. Be2 Ra4 40. f3 c5 41. Nc1 c4 42. Kxc2 Kc5 43. Bd1 Ra3 44. Kd2 Kb4 45. Kc2 Re3 46. Be2 Kc5 47. Kd2 a4 48. Bd1 a3 49. Kc2 Re8 50. Ne2 Rb8 51. Kc3 Rb1 52. Ba4 Re1 53. Kd2 Rf1 54. Nxf4 Rxf3 55. Ne2 Rh3 56. Bd1 Rxh4 57. Nc3 Rh8 58. Nb1 Kb4 59. Be2 Rh3 60. Kc2 c3 61. g5 Rg3 62. Bf1 Rg1 63. Be2 Rxg5 64. Nxc3 Rc5 0-1

[Event "Doroshkevich Memorial op"]
[Site "Sochi"]
[Date "2012.12.03"]
[Round "8"]
[White "Ostrovsky, Alexander"]
[Black "Kudelya, Igor"]
[Result "0-1"]
[WhiteElo "2343"]
[BlackElo "2118"]
[PlyCount "144"]
[EventDate "2012.11.26"]
[EventType "swiss"]
[EventRounds "9"]
[EventCountry "RUS"]
[SourceTitle "EXT 2014"]
[Source "ChessBase"]
[SourceDate "2013.11.20"]
[SourceVersion "1"]
[SourceVersionDate "2013.11.20"]
[SourceQuality "1"]

1. e4 c5 2. Nf3 Nc6 3. Bb5 g6 4. Bxc6 bxc6 5. 0-0 Bg7 6. Re1 Nh6 7. c3 f6 8. d4 cxd4 9. cxd4 0-0 10. Nc3 d6 11. h3 Nf7 12. Be3 Bd7 13. Qd2 Re8 14. Rad1 Qa5 15. b3 Rab8 16. Ne2 Qb5 17. e5 Rbd8 18. Nc3 Qa5 19. exf6 exf6 20. Bf4 Qh5 21. Rxe8+ Rxe8 22. Re1 Rxe1+ 23. Qxe1 Bf8 24. Qe3 Kg7 25. Nd2 g5 26. Bh2 Qg6 27. f4 h6 28. Bg3 Qc2 29. Nf3 Bf5 30. Qd2 Qxd2 31. Nxd2 d5 32. fxg5 hxg5 33. Nd1 Bb4 34. Ne3 Bd3 35. Be1 Nd6 36. Kf2 Kg6 37. Nf3 Ne4+ 38. Kg1 Bd6 39. b4 Bf4 40. Nd1 Bb1 41. a3 Bc1 42. Nc3 Nxc3 43. Bxc3 Bxa3 44. Kf2 Bc1 45. Bd2 Bb2 46. Ke3 Be4 47. Ne1 f5 48. g3 f4+ 49. gxf4 gxf4+ 50. Kxf4 Bxd4 51. Nf3 Bxf3 52. Kxf3 Kf5 53. h4 Bf6 54. h5 Bg5 55. Bc3 Bh6 56. Be1 Kg5 57. Ke3 Bg7 58. Bf2 a6 59. h6 Kxh6 60. Kf4 Kg6 61. Be1 Kf6 62. Ke3 Ke6 63. Kd3 Kf5 64. Bd2 Bf6 65. Be1 Bd8 66. Bf2 a5 67. bxa5 Bxa5 68. Bc5 Ke5 69. Ke3 Bc7 70. Kd3 Bd6 71. Bd4+ Ke6 72. Bg1 c5 0-1

[Event "Doroshkevich Memorial op"]
[Site "Sochi"]
[Date "2012.11.28"]
[Round "3"]
[White "Vastrukhin, Oleg"]
[Black "Kudelya, Igor"]
[Result "1-0"]
[WhiteElo "2336"]
[BlackElo "2118"]
[PlyCount "63"]
[EventDate "2012.11.26"]
[EventType "swiss"]
[EventRounds "9"]
[EventCountry "RUS"]
[SourceTitle "EXT 2014"]
[Source "ChessBase"]
[SourceDate "2013.11.20"]
[SourceVersion "1"]
[SourceVersionDate "2013.11.20"]
[SourceQuality "1"]

1. d4 Nf6 2. Nf3 g6 3. g3 Bg7 4. Bg2 0-0 5. 0-0 d5 6. c4 dxc4 7. Nc3 c6 8. a4 a5 9. e4 Na6 10. Qe2 Nb4 11. Rd1 Nd7 12. h4 h6 13. Be3 Nb6 14. h5 Bg4 15. Qd2 Kh7 16. hxg6+ fxg6 17. Nh4 Bxd1 18. Rxd1 Qe8 19. e5 Rg8 20. Be4 Bf8 21. Kg2 N6d5 22. Rh1 Nxe3+ 23. Qxe3 e6 24. Bb1 Nd5 25. Qf3 Nxc3 26. bxc3 Be7 27. Qh5 Bxh4 28. Rxh4 Qf8 29. Rf4 Qe7 30. Rf6 Raf8 31. Bxg6+ Kg7 32. Bf7 1-0